|
|
|
|
| LEADER |
00000cam a2200000 a 4500 |
| 001 |
vtls001110945 |
| 003 |
SK-MaSNL |
| 005 |
20260301052248.0 |
| 008 |
180814s1978 xo a e n 00000 slo |
| 015 |
|
|
|a SNBA1978
|
| 020 |
|
|
|q (brož.)
|
| 035 |
|
|
|a SNK000053788
|
| 040 |
|
|
|a SNK
|b slo
|c SNK
|e AACR2
|
| 041 |
0 |
|
|a slo
|
| 044 |
|
|
|a xo
|c SK
|
| 080 |
|
|
|a 1 100.4(075.8)
|2 1981
|
| 080 |
|
|
|a 100.4(075.8)
|2 1981
|
| 245 |
0 |
0 |
|a Politická ekonómia socializmu
|c Ľubomír Vnuk ... [et al.]
|
| 250 |
|
|
|a 2. nepreprac. vyd.
|
| 260 |
|
|
|a Nitra
|b Vysoká škola poľnohospodárska
|c 1978
|
| 300 |
|
|
|a 286 s.
|b sch., tab.
|c 29 cm
|
| 366 |
|
|
|e 200 výt.
|
| 504 |
|
|
|a Bibliogr. odkazy
|
| 650 |
0 |
7 |
|a politická ekonómia
|2 SNKPH
|9 69672
|
| 650 |
0 |
7 |
|a socializmus
|2 SNKPH
|9 2151
|
| 655 |
|
7 |
|a učebnice vysokých škôl
|2 SNKPH
|9 70191
|
| 700 |
1 |
|
|a Vnuk, Ľubomír,
|d 1931-2009
|4 aut
|9 39179
|
| 700 |
1 |
|
|a Jánoš, Viliam
|4 aut
|9 5373
|
| 700 |
1 |
|
|a Smidák, Dezider
|4 aut
|9 360819
|
| 700 |
1 |
|
|a Sýkora, Bohuslav
|4 aut
|9 284781
|
| 700 |
1 |
|
|a Bíly, J.
|4 aut
|9 360820
|
| 700 |
1 |
|
|a Balážik, Milan,
|d 1936-
|4 aut
|9 39448
|
| 700 |
1 |
|
|a Guláči, Štefan,
|d 1926-
|4 aut
|9 5769
|
| 700 |
1 |
|
|a Tóth, Jozef
|4 aut
|9 5293
|
| 700 |
1 |
|
|a Árendáš, Marko,
|d 1944-
|4 aut
|9 155998
|
| 958 |
|
|
|a OND
|
| 958 |
|
|
|a NB
|
| 999 |
|
|
|c 605421
|d 607351
|
| 952 |
|
|
|a SNK
|b SNK
|y PREZ
|7 0
|p 17A0967551
|o snkSB 26476
|i snkKSP 2569/78
|0 0
|1 0
|4 0
|d 2014-07-02
|f 1
|l 0
|r 2026-02-23 16:07:02
|w 2026-02-23
|
| 952 |
|
|
|a SNK
|b SNK
|y VYP
|7 0
|o snkSB 26476 D1
|i snkKSP 2570/78
|0 0
|1 0
|4 0
|d 2014-07-02
|l 0
|r 2026-02-23 16:07:02
|w 2026-02-23
|